Распространение разряда в монокристаллах NaCl и KCl: отдельный оттиск; Физика твердого тела; Т. 2, вып. 9

Detalhes bibliográficos
Parent link:Физика твердого тела/ Академия наук СССР.— , 1960
Т. 2, вып. 9.— 1960.— С. 2019-2024
Autor principal: Воробьев А. А. Александр Акимович
Outros Autores: Воробьев Г. А. Григорий Абрамович, Мельников М. А. Михаил Алексеевич
Idioma:russo
Publicado em: 1960
Assuntos:
Formato: Capítulo de Livro
KOHA link:https://koha.lib.tpu.ru/cgi-bin/koha/opac-detail.pl?biblionumber=354415

MARC

LEADER 00000naa0a2200000 4500
001 354415
005 20250122112212.0
035 |a (RuTPU)RU\TPU\retro\11673 
035 |a RU\TPU\tpu\17367 
090 |a 354415 
100 |a 20200619d1960 k y0rusy50 ca 
101 0 |a rus 
102 |a RU 
200 1 |a Распространение разряда в монокристаллах NaCl и KCl  |f А. А. Воробьев, Г. А. Воробьев, М. А. Мельников  |e отдельный оттиск 
316 |5 63413507: ШкА2/328  |a На обложке дарственная надпись: "Научно-технической библиотеке ТПИ А. Воробьев 26.11.60 г." 
320 |a Библиогр.: 12 назв. 
461 |t Физика твердого тела  |f Академия наук СССР  |d 1960 
463 |t Т. 2, вып. 9  |v С. 2019-2024  |d 1960 
610 1 |a электричество 
610 1 |a труды учёных ТПУ 
610 1 |a диэлектрики 
610 1 |a пробой 
610 1 |a дарственная надпись 
610 1 |a дары 
610 1 |a дары библиотеке 
610 1 |a коллекция ТПУ 
700 1 |a Воробьев  |b А. А.  |c российский физик  |c ректор Томского политехнического института, профессор  |f 1909-1981  |g Александр Акимович  |3 (RuTPU)RU\TPU\pers\12805  |4 070 
701 1 |a Воробьев  |b Г. А.  |c российский ученый, электрофизик  |c профессор кафедры техники высоких напряжений Томского политехнического института  |c профессор Томского университета систем управления и радиоэлектроники  |f 1925-  |g Григорий Абрамович  |3 (RuTPU)RU\TPU\pers\19775  |4 070 
701 1 |a Мельников  |b М. А.  |c российский ученый  |c профессор кафедры электроснабжения Томского политехнического университета  |c Заслуженный профессор Томского политехнического университета  |f 1928-  |g Михаил Алексеевич  |3 (RuTPU)RU\TPU\pers\19839  |4 070 
801 0 |a RU  |b 63413507  |c 20011210  |g PSBO 
801 2 |a RU  |b 63413507  |c 20200619  |g PSBO 
942 |c CR